| Tag |
First Indicator |
Second Indicator |
Subfields |
| LEADER |
00000cam a22000001 4500 |
| 001 |
in00000053052 |
| 005 |
20230810120809.0 |
| 008 |
711029s1955 njua 000 0 eng |
| 010 |
|
|
|a 55011208
|
| 019 |
|
|
|a 180629
|
| 029 |
1 |
|
|a AU@
|b 000004026146
|
| 029 |
1 |
|
|a AU@
|b 000023925612
|
| 029 |
1 |
|
|a AU@
|b 000028500927
|
| 029 |
1 |
|
|a GBVCP
|b 23233448X
|
| 035 |
|
|
|a (OCoLC)ocm00167389
|
| 035 |
|
|
|a (OCoLC)167389
|z (OCoLC)180629
|
| 035 |
|
|
|a (OCoLC)ocm00167389
|
| 040 |
|
|
|a DLC
|b eng
|c DLC
|d WSU
|d YNG
|d OCLCG
|d NIALS
|d OCLCQ
|d OCLCO
|d OCLCF
|d OCLCQ
|d OCLCO
|d J9U
|
| 042 |
|
|
|a premarc
|
| 050 |
0 |
0 |
|a HA40.I6
|b B6
|
| 082 |
0 |
0 |
|a 311.2
|
| 100 |
1 |
|
|a Bowker, Albert H.
|q (Albert Hosmer),
|d 1919-2008.
|
| 245 |
1 |
0 |
|a Handbook of industrial statistics
|c [by] Albert H. Bowker and Gerald J. Lieberman.
|
| 260 |
|
|
|a Englewood Cliffs [N.J.]
|b Prentice-Hall
|c [©1955]
|
| 300 |
|
|
|a 774-958 pages
|b illustrations
|c 24 cm
|
| 336 |
|
|
|a text
|b txt
|2 rdacontent
|
| 337 |
|
|
|a unmediated
|b n
|2 rdamedia
|
| 338 |
|
|
|a volume
|b nc
|2 rdacarrier
|
| 500 |
|
|
|a "A reprint of the section on industrial statistics in the Handbook of industrial engineering and management, edited by W.G. Ireson and E.L. Grant."
|
| 530 |
|
|
|a Also issued online.
|
| 650 |
|
0 |
|a Industrial statistics.
|
| 650 |
|
7 |
|a Industrial statistics.
|2 fast
|0 (OCoLC)fst00971751
|
| 650 |
|
7 |
|a Industrial statistics
|2 nli
|
| 700 |
1 |
|
|a Lieberman, Gerald J.,
|e author.
|
| 776 |
0 |
8 |
|i Online version:
|a Bowker, Albert H. (Albert Hosmer), 1919-2008.
|t Handbook of industrial statistics.
|d Englewood Cliffs, [N.J.] Prentice-Hall [©1955]
|w (OCoLC)555804557
|
| 948 |
|
|
|h HELD BY TXA - 187 OTHER HOLDINGS
|
| 994 |
|
|
|a Z0
|b TXA
|
| 999 |
f |
f |
|s a6889426-2e2e-3cc0-b42e-1db5c5d83c5b
|i 85adf970-b362-39e4-af53-f0737f5464be
|t 0
|
| 952 |
f |
f |
|p ric
|a Texas A&M University
|b Rellis Campus
|c Joint Library Facility
|s JLF
|d Remote Storage
|t 0
|e HA40.I6 B6 1955
|h Library of Congress classification
|i unmediated -- volume
|m A14800652765
|